[Event "St Petersburg Korchnoi Memorial op"]
[Site "St Petersburg"]
[Date "2023.08.24"]
[Round "9"]
[White "Balyan, Artur"]
[Black "Panchenko, Sergey"]
[Result "0-1"]
[WhiteElo "1704"]
[BlackElo "1437"]
[PlyCount "102"]
[EventDate "2023.08.18"]
[EventType "swiss"]
[EventRounds "9"]
[EventCountry "RUS"]
[SourceTitle "EXT 2024"]
[Source "ChessBase"]
[SourceDate "2023.10.10"]
[SourceVersion "1"]
[SourceVersionDate "2023.10.10"]
[SourceQuality "1"]

1. e4 Nf6 2. e5 Nd5 3. d4 d6 4. c4 Nb6 5. exd6 exd6 6. Bd3 Nc6 7. Ne2 Be7 8. 0-0 0-0 9. Nbc3 Re8 10. b3 Bf6 11. Bb2 h6 12. Ne4 d5 13. Nxf6+ Qxf6 14. c5 Nd7 15. Qd2 Ne7 16. Qa5 c6 17. Bc1 Nf8 18. Bf4 Bf5 19. Be5 Qh4 20. g3 Qg5 21. Nf4 Nfg6 22. Be2 Nxe5 23. dxe5 Ng6 24. Nxg6 Qxg6 25. Bf3 Bd3 26. Rfe1 Qf5 27. Bg2 Rxe5 28. f4 Rxe1+ 29. Rxe1 Qd7 30. Qc3 Bf5 31. Qd4 Re8 32. Re5 f6 33. Rxe8+ Qxe8 34. Kf2 Qh5 35. h4 Qe8 36. b4 Bg4 37. Qd3 Qe6 38. a4 Qf5 39. Qd2 Qb1 40. b5 Qd1 41. Qe3 Qxa4 42. bxc6 Qxc6 43. Qd4 Be6 44. Ke2 b6 45. cxb6 axb6 46. f5 Qc2+ 47. Ke3 Qxg2 48. fxe6 Qg1+ 49. Kd3 Qxd4+ 50. Kxd4 Kf8 51. Kxd5 Ke7 0-1

[Event "St Petersburg Korchnoi Memorial op"]
[Site "St Petersburg"]
[Date "2023.08.21"]
[Round "5"]
[White "Osetrov, Dmitrij"]
[Black "Panchenko, Sergey"]
[Result "1-0"]
[WhiteElo "1992"]
[BlackElo "1437"]
[PlyCount "61"]
[EventDate "2023.08.18"]
[EventType "swiss"]
[EventRounds "9"]
[EventCountry "RUS"]
[SourceTitle "EXT 2024"]
[Source "ChessBase"]
[SourceDate "2023.10.10"]
[SourceVersion "1"]
[SourceVersionDate "2023.10.10"]
[SourceQuality "1"]

1. d4 d5 2. c4 e6 3. g3 c5 4. cxd5 exd5 5. Nf3 Nc6 6. Bg2 Nf6 7. 0-0 Be7 8. Nc3 0-0 9. Bg5 Be6 10. Bxf6 Bxf6 11. dxc5 Bxc3 12. bxc3 Qa5 13. Ng5 Qxc5 14. Qb1 g6 15. Nxe6 fxe6 16. Qxb7 Rab8 17. Qd7 Nd8 18. Bh3 Rf6 19. e3 a5 20. Rab1 Qc8 21. Qe7 Rxb1 22. Rxb1 Rf7 23. Qd6 Qd7 24. Qxd7 Rxd7 25. Rb5 Nf7 26. Rxa5 Rc7 27. Ra3 Rc6 28. Bf1 Ne5 29. Be2 Kf7 30. Kf1 Nd7 31. f3 1-0

[Event "St Petersburg Korchnoi Memorial op"]
[Site "St Petersburg"]
[Date "2018.08.23"]
[Round "9"]
[White "Arbynova, Agniya"]
[Black "Panchenko, Sergey"]
[Result "1/2-1/2"]
[WhiteElo "1827"]
[BlackElo "1332"]
[PlyCount "164"]
[EventDate "2018.08.15"]
[EventType "swiss"]
[EventRounds "9"]
[EventCountry "RUS"]
[SourceTitle "CBM 186 Extra"]
[Source "ChessBase"]
[SourceDate "2018.08.24"]
[SourceVersion "1"]
[SourceVersionDate "2018.08.24"]
[SourceQuality "1"]

1. d4 Nf6 2. Bf4 d5 3. e3 c6 4. c4 Bf5 5. Nc3 e6 6. Qb3 Qb6 7. c5 Qxb3 8. axb3 Nbd7 9. Nf3 Be7 10. h3 Ne4 11. b4 Bf6 12. b5 Nxc3 13. bxc3 Nxc5 14. bxc6 bxc6 15. Ra3 Nd3+ 16. Bxd3 Bxd3 17. Kd2 Bb5 18. Rha1 a6 19. Ne1 Kd7 20. Nc2 Ra7 21. f3 h5 22. e4 Re8 23. Ne3 Rea8 24. g4 g5 25. Bg3 h4 26. Be1 Be7 27. R3a2 a5 28. exd5 exd5 29. Nf5 Bd8 30. Ke3 Bc7 31. Kf2 a4 32. Bd2 f6 33. Re1 Re8 34. Rxe8 Kxe8 35. Bc1 Kd7 36. Ba3 Ba5 37. Bb2 Ra8 38. Ra1 Re8 39. Ne3 Bc7 40. Bc1 Bd6 41. Ra2 Ra8 42. Nf5 Bf8 43. f4 Bc4 44. Ra1 a3 45. Ne3 Bd3 46. fxg5 fxg5 47. Nd1 Be7 48. Ke3 Bg6 49. Kd2 a2 50. Nb2 Bb1 51. Nd3 Rf8 52. Ne5+ Kc7 53. Ke1 Bd8 54. Ba3 Rf4 55. Bc1 Rf8 56. Ke2 Bf6 57. Nf3 Re8+ 58. Kd1 Rg8 59. Nd2 c5 60. Nxb1 axb1Q 61. Rxb1 cxd4 62. cxd4 Bxd4 63. Ke2 Re8+ 64. Kd3 Bf6 65. Bd2 Re4 66. Rf1 Be7 67. Rf5 Ra4 68. Rf7 Kd6 69. Bc3 Rf4 70. Rh7 Ke6 71. Ke2 d4 72. Bd2 Re4+ 73. Kd3 Kd5 74. Rh8 Re6 75. Rg8 Re5 76. Ra8 Ke6 77. Ra6+ Kf7 78. Kxd4 Re6 79. Ra7 Kg6 80. Kd3 Bf6 81. Be3 Rd6+ 82. Ke4 Rc6 1/2-1/2